Biología molecular (Record no. 144894)

MARC details
000 -LEADER
campo de control de longitud fija 00549nam a2200169 4500
001 - NÚMERO DE CONTROL
campo de control 144894
003 - IDENTIFICADOR DE NÚMERO DE CONTROL
campo de control ES-MaACL
005 - FECHA Y HORA DE LA ÚLTIMA TRANSACCIÓN
campo de control 20230906201124.0
007 - CAMPO FIJO DE DESCRIPCIÓN FÍSICA--INFORMACIÓN GENERAL
campo de control de longitud fija t|
008 - DATOS DE LONGITUD FIJA--INFORMACIÓN GENERAL
campo de control de longitud fija 070214s1971 sp r ||||1| spa d
100 0# - ENTRADA PRINCIPAL--NOMBRE DE PERSONA
Nombre de persona Smith, C. U. M (
Forma completa/desarrollada del nombre Christopher Upham Murray)
9 (RLIN) 106854
245 10 - MENCIÓN DEL TÍTULO
Título Biología molecular
Resto del título : enfoque estructural /
Mención de responsabilidad, etc. C. U. M. Smith ; versión... Elena Arnedo.
260 ## - PUBLICACIÓN, DISTRIBUCIÓN, ETC.
Lugar de publicación, distribución, etc. Madrid :
Nombre del editor, distribuidor, etc. Alianza,
Fecha de publicación, distribución, etc. 1971 (
Fabricante Castilla)
300 ## - DESCRIPCIÓN FÍSICA
Extensión 448 p. :
Otras características físicas il. ;
Dimensiones 20 cm.
700 1# - ENTRADA AGREGADA--NOMBRE PERSONAL
Nombre de persona Arnedo, Elena.
9 (RLIN) 23083
852 ## - LOCALIZACIÓN
Ubicación ES-MaACL
Número de control de estantería C-39148
Sublocalización o colección R.79665
Holdings
Estatus retirado Estado de pérdida Estado de daño No para préstamo Biblioteca de origen Biblioteca actual Ubicación en estantería Fecha de adquisición Fuente de adquisición Total de préstamos Signatura topográfica completa Código de barras Visto por última vez Precio de reemplazo Tipo de ítem Koha
        Biblioteca del Ateneo de Madrid Biblioteca del Ateneo de Madrid Depósito 2 17/01/2008     C-39148 1151182 23/02/2023 23/02/2023 Libro impreso